00957nam a22002297a 4500003000500000005001700005008004100022010001000063011001000073035001100083040000900094100003100103245022900134260004000363300004200403502008100445530003600526650003000562650004000592650003100632856006400663CHAP20250516062730.007 d2007 mx r 00010 spa d a98027 a98999 a109684 cCHAP1 aSantiago López, Melendi.10aEstudio de factibilidad técnico - económica para la puesta en marca de una planta productora procesadora de tilapia roja (Oreochromis niloticus) en el municipio de La Independencia, Chiapasc/por Melendi Santiago López aChapingo, Méx. :bEl autor,c2010 ax, 110 h. :bilus. , cuadros gráfs. aTesis (Ing. Agroindustrial) -- UACH. Departamento de Ingeniería Industrial aTambién disponible en línea04aEstudios de factibilidad.04aProductos agricolasxProcesamiento.07aTilapia (nombre común)2 3Finding aiduhttp://10.13.5.2/tesis/109684.pdfzTeclea aqui